Piłkarze którzy grali dla Arsenalu i Chelsea w XXI wieku - Statystyki

Ogólne statystyki
  • Ten quiz został rozwiązany 123 razy
  • Średni wynik to 9 z 18
Statystyki odpowiedzi
Arsenal Chelsea Odpowiedź % Poprawnych
2015–2018 2004–2020 Petr Čech
83%
2023–2025 2020–2022 Kai Havertz
72%
2004–2010 2014–2018 Cesc Fàbregas
68%
2025 2022–2025 Noni Madueke
68%
1999–2005 2006–2013 Ashley Cole
67%
2024 2022–2023 Raheem Sterling
66%
2019–2020 2010–2018 David Luiz
64%
2022–2024 2018–2022 Jorginho
59%
2012–2017 2017–2020 Olivier Giroud
58%
2020 2013–2019 Willian
51%
2025 2018–2022 Kepa Arrizabalaga
48%
2006–2009 2001–2005 William Gallas
42%
2017–2021 2022 Pierre-Emerick Aubameyang
34%
1996–1998 2007–2011 Nicolas Anelka
27%
1997–1999 2001–2003 Emmanuel Petit
23%
2007 2005–2006 Lassana Diarra
9%
2011 2010–2012 Yossi Benayoun
9%
2020–2021 2022 Omari Hutchinson
2%
Nie znaleziono quizów pasujących do podanych kryteriów
Rozkład punktacji
Procent ludzi z każdym wynikiem
Percentyl według liczby udzielonych odpowiedzi
Twoja historia wyników
Nie rozwiązałeś tego quizu